000 00321nam a2200145Ia 4500
005 20251222144918.0
008 251222s9999||||xx |||||||||||||| ||spa||
020 _a8498152240
082 _a086.61/A32
100 _aAguiar, Joao
245 0 _aViriato:
250 _a1ra.ed.
264 _bDiario El PaĆ­s
942 _cLIB
999 _c22605
_d22605